LEADER 01078nam0 22003011i 450 001 RML0300656 005 20231121125743.0 010 $a0140184066 100 $a20121121d1969 ||||0itac50 ba 101 | $aeng 102 $agb 181 1$6z01$ai $bxxxe 182 1$6z01$an 200 1 $aSlected poems$fRobert Frost$gedited with an introduction by Ian Hamilton 210 $aLondon $cPenguin books $dİ1969 215 $a285 p.$d20 cm 225 | $aPenguin twentieth-century classics 410 0$1001RML0331606$12001 $aPenguin twentieth-century classics 700 1$aFrost$b, Robert$3RMLV194120$0131718 702 1$aHamilton$b, Ian$3RMLV194119 801 3$aIT$bIT-01$c20121121 850 $aIT-FR0017 899 $aBiblioteca umanistica Giorgio Aprea$bFR0017 912 $aRML0300656 950 0$aBiblioteca umanistica Giorgio Aprea$d 52CIS 11/1228$e 52VM 0000706555 VM barcode:00063413. - Inventario:9108 FLSVM$fA $h20071205$i20121204 977 $a 52 996 $aSlected poems$93629795 997 $aUNICAS